Essentials of entrepreneurship : (Record no. 14291)

000 -LEADER
fixed length control field 00830cam a22002414a 4500
020 ## - INTERNATIONAL STANDARD BOOK NUMBER
ISBN 0471444537 (cloth)
040 ## - CATALOGING SOURCE
Transcribing agency DLC
082 00 - DEWEY DECIMAL CLASSIFICATION NUMBER
Classification number 658 WIL 2003 A050 Or.
245 00 - TITLE STATEMENT
Title Essentials of entrepreneurship :
Remainder of title what it takes to create successful enterprises /
260 ## - PUBLICATION, DISTRIBUTION, ETC. (IMPRINT)
Place of publication Hoboken, N.J. :
Name of publisher Wiley,
Year of publication c2003.
300 ## - PHYSICAL DESCRIPTION
Number of Pages xiii, 370 p. ;
Dimensions 24 cm.
500 ## - GENERAL NOTE
General note Includes index.
650 #0 - SUBJECT ADDED ENTRY--TOPICAL TERM
Topical Term New business enterprises
650 #0 - SUBJECT ADDED ENTRY--TOPICAL TERM
Topical Term New business enterprises
650 #0 - SUBJECT ADDED ENTRY--TOPICAL TERM
Topical Term New business enterprises
650 #0 - SUBJECT ADDED ENTRY--TOPICAL TERM
Topical Term Corporation law
650 #0 - SUBJECT ADDED ENTRY--TOPICAL TERM
Topical Term Entrepreneurship
710 2# - ADDED ENTRY--CORPORATE NAME
Corporate name or jurisdiction name as entry element TiE (Organization)
856 42 - ELECTRONIC LOCATION AND ACCESS
Uniform Resource Identifier http://www.loc.gov/catdir/bios/wiley046/2003043262.html
856 42 - ELECTRONIC LOCATION AND ACCESS
Uniform Resource Identifier http://www.loc.gov/catdir/description/wiley039/2003043262.html
856 41 - ELECTRONIC LOCATION AND ACCESS
Uniform Resource Identifier http://www.loc.gov/catdir/toc/wiley032/2003043262.html
942 ## - ADDED ENTRY ELEMENTS (KOHA)
Koha item type សៀវភៅភាសាអង់គ្លេស
952 ## - LOCATION AND ITEM INFORMATION (KOHA)
Withdrawn status [LOCAL, KOHA] 0
Holdings
Permanent Location Date acquired Koha item type Lost status Shelving location Barcode Current Location Full call number
Library Block A2017-10-11សៀវភៅភាសាអង់គ្លេស A050A15034Library Block A658 WIL 2003 A050 Or.
មជ្ឈមណ្ឌលឯការនៃសាកលវិទ្យាល័យភូមិន្ទកសិកម្មចំការដូង

Powered by Koha